[Event "HUN-chT 2425"]
[Site "Hungary"]
[Date "2024.11.03"]
[Round "2.50"]
[White "Vajda, Szidonia"]
[Black "Meszaros Csonka, David"]
[Result "1-0"]
[WhiteElo "2292"]
[BlackElo "1936"]
[PlyCount "130"]
[EventDate "2024.11.02"]
[EventType "team-tourn"]
[EventRounds "9"]
[EventCountry "HUN"]
[SourceTitle "CB45_2024"]
[Source "ChessBase"]
[SourceDate "2024.11.06"]
[SourceVersion "1"]
[SourceVersionDate "2024.11.06"]
[SourceQuality "1"]
[WhiteTeam "Paks"]
[BlackTeam "Mako Duocor"]
[WhiteTeamCountry "HUN"]
[BlackTeamCountry "HUN"]

1. d4 d5 2. Bf4 Nf6 3. Nc3 a6 4. e3 e6 5. Nf3 c5 6. Ne5 b5 7. Be2 Bb7 8. Bf3 Nbd7 9. 0-0 Qb6 10. a4 Nxe5 11. Bxe5 Be7 12. axb5 axb5 13. dxc5 Bxc5 14. Be2 b4 15. Rxa8+ Bxa8 16. Na4 Qc6 17. Nxc5 Qxc5 18. Qd4 Qxd4 19. Bxd4 0-0 20. Ra1 Bc6 21. Ra6 Rc8 22. Rb6 e5 23. Ba6 Re8 24. Bxe5 Rxe5 25. Rxc6 h6 26. g3 Re6 27. Rc8+ Re8 28. Rc7 Ra8 29. Bd3 Rb8 30. b3 Kf8 31. Kg2 Ke8 32. h4 g6 33. Ra7 Rb6 34. Kf3 Nd7 35. Ra5 Nf6 36. g4 g5 37. hxg5 hxg5 38. Bf5 Rb7 39. Ke2 Ke7 40. Kd3 Kd6 41. Kd4 Ke7 42. Ra6 Rc7 43. Rb6 Ne4 44. Bxe4 dxe4 45. Kxe4 Rxc2 46. f3 Rc5 47. Rxb4 Ra5 48. Rb7+ Ke6 49. Rb6+ Kd7 50. b4 Ra3 51. f4 gxf4 52. exf4 Rb3 53. Kf5 Kc7 54. Rf6 Rxb4 55. Rxf7+ Kd6 56. g5 Rb5+ 57. Kf6 Kd5 58. Re7 Rb6+ 59. Kf5 Rb8 60. g6 Kd6 61. Re1 Rf8+ 62. Kg5 Kd7 63. g7 Rg8 64. Kg6 Kd6 65. Kf7 Kd5 1-0

[Event "Olympiad Women-45"]
[Site "Budapest"]
[Date "2024.09.22"]
[Round "11.4"]
[White "Matnadze, Ana"]
[Black "Vajda, Szidonia"]
[Result "1/2-1/2"]
[WhiteElo "2338"]
[BlackElo "2283"]
[PlyCount "71"]
[EventDate "2024.09.11"]
[EventType "team-swiss"]
[EventRounds "11"]
[EventCountry "HUN"]
[SourceTitle "EXT 2025"]
[Source "ChessBase"]
[SourceDate "2024.10.14"]
[SourceVersion "1"]
[SourceVersionDate "2024.10.14"]
[SourceQuality "1"]
[WhiteTeam "Spain (W)"]
[BlackTeam "Hungary (W)"]
[WhiteTeamCountry "ESP"]
[BlackTeamCountry "HUN"]

1. c4 g6 2. g3 Bg7 3. Bg2 e5 4. Nc3 Ne7 5. Nf3 Nbc6 6. 0-0 0-0 7. d3 a5 8. Ne1 d6 9. Nc2 Nd4 10. Na3 c6 11. e3 Ndf5 12. Nc2 h5 13. h3 Be6 14. Kh2 d5 15. cxd5 cxd5 16. e4 dxe4 17. dxe4 Nd4 18. Bg5 Qd7 19. Bxe7 Qxe7 20. Nxd4 exd4 21. Nd5 Bxd5 22. exd5 Qb4 23. Rb1 Rae8 24. Qd3 Re7 25. h4 Rfe8 26. Bf3 Rc7 27. a3 Qb6 28. Rfd1 Bf6 29. Rd2 Kg7 30. Rbd1 Rec8 31. Re1 Rc1 32. Re4 Rd8 33. Ree2 Rdc8 34. Re4 Rd8 35. Ree2 Rdc8 36. Re4 1/2-1/2

[Event "Olympiad Women-45"]
[Site "Budapest"]
[Date "2024.09.19"]
[Round "8.4"]
[White "Doluhanova, Evgeniya"]
[Black "Vajda, Szidonia"]
[Result "1/2-1/2"]
[WhiteElo "2304"]
[BlackElo "2283"]
[PlyCount "73"]
[EventDate "2024.09.11"]
[EventType "team-swiss"]
[EventRounds "11"]
[EventCountry "HUN"]
[SourceTitle "EXT 2025"]
[Source "ChessBase"]
[SourceDate "2024.10.14"]
[SourceVersion "1"]
[SourceVersionDate "2024.10.14"]
[SourceQuality "1"]
[WhiteTeam "Ukraine (W)"]
[BlackTeam "Hungary (W)"]
[WhiteTeamCountry "UKR"]
[BlackTeamCountry "HUN"]

1. c4 Nf6 2. Nf3 c6 3. e3 d5 4. b3 Bf5 5. Bb2 h6 6. Be2 e6 7. 0-0 Nbd7 8. cxd5 exd5 9. d3 Bc5 10. Ne5 Nxe5 11. Bxe5 Qe7 12. d4 Bd6 13. Bxd6 Qxd6 14. Nc3 0-0 15. a3 Ne4 16. Nxe4 Bxe4 17. b4 a5 18. b5 c5 19. dxc5 Qxc5 20. Qd2 Rfc8 21. Rfc1 Qb6 22. Rc3 Rxc3 23. Qxc3 Rd8 24. Rd1 Rd7 25. f3 Bf5 26. Qe5 Qe6 27. Qb8+ Kh7 28. Qf4 Bg6 29. Kf2 Qe7 30. a4 Qa3 31. h4 h5 32. Rd4 Rd6 33. Qg5 Re6 34. Qf4 Rf6 35. Qg5 Re6 36. Qf4 Rf6 37. Qg5 1/2-1/2

[Event "Olympiad Women-45"]
[Site "Budapest"]
[Date "2024.09.15"]
[Round "5.2"]
[White "Narva, Triin"]
[Black "Vajda, Szidonia"]
[Result "0-1"]
[WhiteElo "2066"]
[BlackElo "2283"]
[PlyCount "100"]
[EventDate "2024.09.11"]
[EventType "team-swiss"]
[EventRounds "11"]
[EventCountry "HUN"]
[SourceTitle "EXT 2025"]
[Source "ChessBase"]
[SourceDate "2024.10.14"]
[SourceVersion "1"]
[SourceVersionDate "2024.10.14"]
[SourceQuality "1"]
[WhiteTeam "Estonia (W)"]
[BlackTeam "Hungary (W)"]
[WhiteTeamCountry "EST"]
[BlackTeamCountry "HUN"]

1. e4 e5 2. Bc4 Nf6 3. d4 exd4 4. Nf3 Nc6 5. e5 d5 6. Bb5 Ne4 7. Nxd4 Bd7 8. Bxc6 bxc6 9. 0-0 Bc5 10. Be3 Bb6 11. f3 Ng5 12. f4 Ne4 13. Nd2 Nxd2 14. Qxd2 c5 15. Nf3 d4 16. Bf2 Bc6 17. Bh4 Qd7 18. Rad1 c4 19. Nxd4 Qg4 20. Qf2 0-0 21. h3 Qh5 22. Kh2 Bb7 23. Qg3 Kh8 24. e6 f6 25. e7 Rfe8 26. Rfe1 Qf7 27. Qa3 c5 28. Nf5 Qg6 29. g4 h5 30. Qg3 Bc7 31. Re2 Bc8 32. Rd5 hxg4 33. hxg4 Bxf5 34. gxf5 Qh6 35. Kg1 Bxf4 36. Qg4 Be3+ 37. Kf1 Rxe7 38. Qg3 Bf4 39. Qf2 Rxe2 40. Kxe2 Re8+ 41. Kf3 Bc1 42. Kg2 Qh5 43. Bg3 Re2 44. Rxc5 Be3 45. Rc8+ Kh7 46. Qxe2 Qxe2+ 47. Kh3 Qxc2 48. Rc7 Qxf5+ 49. Kg2 Bb6 50. Re7 Qc2+ 0-1

[Event "HUN-chT 2324"]
[Site "Hungary"]
[Date "2024.05.12"]
[Round "9.8"]
[White "Vajda, Szidonia"]
[Black "Papp, Petra"]
[Result "1/2-1/2"]
[WhiteElo "2273"]
[BlackElo "2318"]
[PlyCount "30"]
[EventDate "2023.10.28"]
[EventType "team-tourn"]
[EventRounds "9"]
[EventCountry "HUN"]
[SourceTitle "EXT 2025"]
[Source "ChessBase"]
[SourceDate "2024.10.14"]
[SourceVersion "1"]
[SourceVersionDate "2024.10.14"]
[SourceQuality "1"]
[WhiteTeam "Paks"]
[BlackTeam "Dunaharaszti"]
[WhiteTeamCountry "HUN"]
[BlackTeamCountry "HUN"]

1. e4 e5 2. Nf3 Nc6 3. Bb5 a6 4. Ba4 Nf6 5. 0-0 Be7 6. Re1 b5 7. Bb3 d6 8. c3 0-0 9. h3 Bb7 10. d3 Re8 11. Ng5 Rf8 12. Nf3 Re8 13. Ng5 Rf8 14. Nf3 Re8 15. Ng5 Rf8 1/2-1/2

[Event "EU-ch Rapid (Women)"]
[Site "Monaco"]
[Date "2024.01.14"]
[Round "7"]
[White "Hunt, Harriet"]
[Black "Vajda, Szidonia"]
[Result "1-0"]
[WhiteElo "2306"]
[BlackElo "2283"]
[PlyCount "119"]
[EventDate "2024.01.13"]
[EventType "swiss (rapid)"]
[EventRounds "11"]
[EventCountry "MNC"]
[SourceTitle "CBM 218 Extra"]
[Source "ChessBase"]
[SourceDate "2024.03.31"]
[SourceVersion "1"]
[SourceVersionDate "2024.03.31"]
[SourceQuality "1"]

1. e4 e5 2. Nf3 Nc6 3. Bb5 Nf6 4. d3 Bc5 5. c3 0-0 6. 0-0 d6 7. h3 h6 8. Re1 a6 9. Ba4 b5 10. Bc2 Bb7 11. Nbd2 Re8 12. a4 d5 13. Qe2 b4 14. a5 d4 15. Nb3 Ba7 16. cxd4 Nxd4 17. Nbxd4 Bxd4 18. Ba4 Re7 19. Nxd4 exd4 20. Bd2 c5 21. Bb3 Ne8 22. Qh5 Rc8 23. Qg4 Nf6 24. Qg3 Kh8 25. Bc4 Ne8 26. Bf4 Rc6 27. Qh4 Qd7 28. Bg5 Re5 29. f4 Rxg5 30. fxg5 Rg6 31. gxh6 Rxh6 32. Qf4 Nd6 33. Rac1 Rf6 34. Qg5 Rg6 35. Qh5+ Kg8 36. Bb3 Rg3 37. Rxc5 Rxd3 38. Bd5 Rd2 39. Bxb7 Qxb7 40. Rd5 Qe7 41. e5 Nc4 42. Re2 Rxb2 43. Rxb2 Nxb2 44. Qe2 Na4 45. Qxa6 b3 46. Qc8+ Kh7 47. Qf5+ g6 48. Qd3 b2 49. Rb5 Qc7 50. Kh2 Qc3 51. Qf1 d3 52. Qxf7+ Kh6 53. Qf4+ g5 54. Qxa4 b1Q 55. Rxb1 Qxe5+ 56. Kh1 d2 57. Qc6+ Kh5 58. Qf3+ Kh6 59. Rd1 Qxa5 60. Qe2 1-0

[Event "EU-ch Rapid (Women)"]
[Site "Monaco"]
[Date "2024.01.13"]
[Round "5"]
[White "Khotenashvili, Bela"]
[Black "Vajda, Szidonia"]
[Result "1-0"]
[WhiteElo "2467"]
[BlackElo "2283"]
[PlyCount "87"]
[EventDate "2024.01.13"]
[EventType "swiss (rapid)"]
[EventRounds "11"]
[EventCountry "MNC"]
[SourceTitle "CBM 218 Extra"]
[Source "ChessBase"]
[SourceDate "2024.03.31"]
[SourceVersion "1"]
[SourceVersionDate "2024.03.31"]
[SourceQuality "1"]

1. Nf3 Nf6 2. g3 g6 3. Bg2 Bg7 4. 0-0 0-0 5. d4 d6 6. a4 c6 7. a5 Bf5 8. Re1 Qc8 9. Nbd2 d5 10. c3 Na6 11. Qb3 Ne4 12. Ne5 Nxd2 13. Bxd2 Nc7 14. c4 dxc4 15. Qxc4 Be6 16. Qc5 Qd8 17. Red1 Bb3 18. Qb4 Bxd1 19. Rxd1 Rb8 20. e3 a6 21. Nd3 Nb5 22. Qc4 Re8 23. Bf3 e6 24. h4 h5 25. Bb4 Nd6 26. Qc3 Nf5 27. Bc5 Bf8 28. Bb6 Qf6 29. Kg2 Bd6 30. e4 Nxh4+ 31. gxh4 Qxh4 32. e5 Qg5+ 33. Kf1 Bf8 34. Ke2 Bh6 35. Nc5 Re7 36. Ne4 Qf4 37. Bc5 Ree8 38. Nf6+ Kg7 39. Rg1 Bg5 40. Nxe8+ Rxe8 41. Qd3 Rd8 42. Qe3 Qxe3+ 43. fxe3 Kh6 44. Rxg5 1-0

[Event "HUN-ch"]
[Site "Budapest"]
[Date "2023.12.19"]
[Round "8"]
[White "Vanczak, Tamas"]
[Black "Vajda, Szidonia"]
[Result "1-0"]
[WhiteElo "2422"]
[BlackElo "2256"]
[PlyCount "81"]
[EventDate "2023.12.12"]
[EventType "swiss"]
[EventRounds "9"]
[EventCountry "HUN"]
[SourceTitle "CBM 217 Extra"]
[Source "ChessBase"]
[SourceDate "2024.01.31"]
[SourceVersion "1"]
[SourceVersionDate "2024.01.31"]
[SourceQuality "1"]

1. d4 d5 2. Bf4 Nf6 3. e3 e6 4. Nd2 c5 5. Ngf3 Bd6 6. dxc5 Bxc5 7. Bd3 Bd6 8. Bg5 Nc6 9. 0-0 h6 10. Bh4 Be7 11. c4 0-0 12. Rc1 Re8 13. Qe2 Nd7 14. Bg3 Bf6 15. b3 Nde5 16. Bb1 Nxf3+ 17. Qxf3 Ne5 18. Qh5 Nc6 19. Rfd1 Qa5 20. Qe2 Rd8 21. Nf3 g6 22. h4 h5 23. Ng5 Bxg5 24. hxg5 dxc4 25. Qxc4 Qxg5 26. Rxd8+ Qxd8 27. Bh4 Qd6 28. Bf6 e5 29. Qh4 Nb4 30. Be7 Qd2 31. Rf1 Nd5 32. Bd6 Bg4 33. Bxe5 Re8 34. Bd4 Be2 35. Qg5 Bxf1 36. Bxg6 Qxd4 37. exd4 Re1 38. Bd3+ Kf8 39. Bxf1 Nc3 40. Qc5+ Kg7 41. Qxc3 1-0

[Event "HUN-ch"]
[Site "Budapest"]
[Date "2023.12.13"]
[Round "2"]
[White "Vajda, Szidonia"]
[Black "Mihok, Oliver"]
[Result "1-0"]
[WhiteElo "2256"]
[BlackElo "2549"]
[PlyCount "115"]
[EventDate "2023.12.12"]
[EventType "swiss"]
[EventRounds "9"]
[EventCountry "HUN"]
[SourceTitle "CBM 217 Extra"]
[Source "ChessBase"]
[SourceDate "2024.01.31"]
[SourceVersion "1"]
[SourceVersionDate "2024.01.31"]
[SourceQuality "1"]

1. d4 Nf6 2. Bf4 c5 3. c3 Qb6 4. Qb3 Qxb3 5. axb3 cxd4 6. cxd4 Nc6 7. Nf3 Nd5 8. Bd2 Ndb4 9. Bxb4 Nxb4 10. Kd2 a6 11. e3 b6 12. Be2 Bb7 13. Rc1 e6 14. Nc3 Be7 15. Ne1 Rb8 16. Bf3 d5 17. Nd3 Nc6 18. Na4 Ba8 19. Rc3 Bd6 20. h4 f6 21. Bg4 Kd7 22. f4 h5 23. Bh3 g6 24. Ke2 Ne7 25. Rac1 Bc6 26. Kf2 Bb5 27. Ne1 Rhf8 28. Nf3 Nc6 29. g4 hxg4 30. Bxg4 Nb4 31. Rd1 Rh8 32. Bh3 Ke7 33. Bf1 Bd7 34. Be2 Rh6 35. Rg1 Bb5 36. Rcc1 Nd3+ 37. Bxd3 Bxd3 38. Rc6 Be4 39. Nxb6 Rhh8 40. Rgc1 Rxb6 41. Rxb6 Rb8 42. Rxb8 Bxb8 43. Ne1 e5 44. fxe5 fxe5 45. Rc6 exd4 46. exd4 a5 47. Rc5 Bf4 48. Nf3 Kd6 49. Rxa5 Bc1 50. Ra6+ Kc7 51. b4 Kb7 52. b5 Bxb2 53. Ke3 Bc1+ 54. Nd2 Bf5 55. Rd6 Ba3 56. Rxd5 Be7 57. Nf3 Kb6 58. h5 1-0

[Event "Titled Tuesday intern op 05th Dec Early"]
[Site "Chess.com INT"]
[Date "2023.12.05"]
[Round "5"]
[White "Vajda, Szidonia"]
[Black "Hjartarson, Johann"]
[Result "0-1"]
[WhiteElo "2256"]
[BlackElo "2460"]
[PlyCount "40"]
[EventDate "2023.12.05"]
[EventType "swiss (blitz)"]
[EventRounds "11"]
[EventCountry "USA"]
[SourceTitle "EXT 2025"]
[Source "ChessBase"]
[SourceDate "2024.10.14"]
[SourceVersion "1"]
[SourceVersionDate "2024.10.14"]
[SourceQuality "1"]

1. e4 c5 2. Nf3 d6 3. d4 cxd4 4. Nxd4 Nf6 5. Nc3 Nc6 6. Nd5 Bd7 7. Nxf6+ gxf6 8. Be3 Nxd4 9. Bxd4 Bc6 10. f3 a6 11. Bc4 Rg8 12. Qd2 d5 13. exd5 Bxd5 14. Bb3 Bxb3 15. axb3 e5 16. 0-0-0 Qxd4 17. Qa5 Qc5 18. Qa4+ Qc6 19. Qh4 Rxg2 20. c3 Ba3 0-1

[Event "Titled Tuesday intern op 28th Nov Late"]
[Site "Chess.com INT"]
[Date "2023.11.28"]
[Round "7"]
[White "Figorito, Nick"]
[Black "Vajda, Szidonia"]
[Result "0-1"]
[WhiteElo "2036"]
[BlackElo "2265"]
[PlyCount "84"]
[EventDate "2023.11.28"]
[EventType "swiss (blitz)"]
[EventRounds "11"]
[EventCountry "USA"]
[SourceTitle "EXT 2025"]
[Source "ChessBase"]
[SourceDate "2024.10.14"]
[SourceVersion "1"]
[SourceVersionDate "2024.10.14"]
[SourceQuality "1"]

1. Nf3 d5 2. g3 c5 3. Bg2 Nc6 4. d4 cxd4 5. Nxd4 Nf6 6. 0-0 e6 7. c4 Be7 8. Nc3 0-0 9. cxd5 exd5 10. Bf4 Bg4 11. Rc1 Re8 12. h3 Bh5 13. Ncb5 Nxd4 14. Nxd4 Ne4 15. Re1 Bf6 16. Be3 Qa5 17. Qb3 Rad8 18. Qxb7 Nxg3 19. Nc6 Qxa2 20. Nxd8 Bxd8 21. Bxd5 Qa5 22. Qd7 Rf8 23. fxg3 Bf6 24. b3 Rd8 25. Qxa7 Qxd5 26. Red1 Qf5 27. Rxd8+ Bxd8 28. Qd4 Bf6 29. g4 Bxd4 30. gxf5 Bxe3+ 31. Kg2 Bxc1 32. Kg3 Be3 33. b4 Kf8 34. b5 Bxe2 35. h4 Bb6 36. Kf4 Bxb5 37. Ke5 Bc7+ 38. Kd5 Bd7 39. Ke4 Ke7 40. h5 Kf6 41. h6 gxh6 42. Kf3 Bxf5 0-1

[Event "Titled Tuesday intern op 28th Nov Late"]
[Site "Chess.com INT"]
[Date "2023.11.28"]
[Round "8"]
[White "Vajda, Szidonia"]
[Black "Chayka, Vitaliy"]
[Result "1/2-1/2"]
[WhiteElo "2265"]
[BlackElo "2111"]
[PlyCount "210"]
[EventDate "2023.11.28"]
[EventType "swiss (blitz)"]
[EventRounds "11"]
[EventCountry "USA"]
[SourceTitle "EXT 2025"]
[Source "ChessBase"]
[SourceDate "2024.10.14"]
[SourceVersion "1"]
[SourceVersionDate "2024.10.14"]
[SourceQuality "1"]

1. e4 d6 2. d4 Nf6 3. Nc3 e5 4. Nf3 Nbd7 5. Bc4 Be7 6. a4 0-0 7. 0-0 a5 8. Re1 c6 9. h3 exd4 10. Qxd4 Nc5 11. Bg5 Be6 12. Rad1 Qb6 13. Bf1 Qb4 14. b3 Rad8 15. Bf4 Rfe8 16. Bg3 Nh5 17. Bh2 Nf6 18. Qxb4 axb4 19. Na2 Nxa4 20. Ng5 Nc3 21. Nxc3 bxc3 22. Nxe6 fxe6 23. Re3 b5 24. Rxc3 Rc8 25. Re3 e5 26. c4 bxc4 27. Bxc4+ d5 28. exd5 cxd5 29. Bb5 Red8 30. Bxe5 Ne4 31. Bd4 Rb8 32. Bc6 Bg5 33. Bxd5+ Rxd5 34. Rxe4 Rxb3 35. Rg4 h5 36. Re4 Bf6 37. Kh2 Rb4 38. Bxf6 Rxd1 39. Rxb4 gxf6 40. g4 hxg4 41. hxg4 Kf7 42. Kg3 Kg6 43. Rb5 Rd3+ 44. f3 Ra3 45. Kf4 Ra4+ 46. Kg3 Ra3 47. Rc5 Ra4 48. Rd5 Ra3 49. Rd4 Rb3 50. Rf4 Ra3 51. Re4 Rb3 52. Kf2 Ra3 53. Re3 Ra2+ 54. Kg3 Ra4 55. Rd3 Rb4 56. f4 Ra4 57. Rd5 Ra3+ 58. Kh4 Ra1 59. Kg3 Ra3+ 60. Kh4 Ra1 61. Rd6 Rh1+ 62. Kg3 Rg1+ 63. Kf3 Rf1+ 64. Ke4 Re1+ 65. Kf3 Rf1+ 66. Kg3 Rg1+ 67. Kh3 Rh1+ 68. Kg2 Rh8 69. g5 Rf8 70. Kg3 Kf5 71. Rd5+ Ke4 72. Rd6 Kf5 73. Kf3 fxg5 74. Rd5+ Kf6 75. Rxg5 Ra8 76. Kg4 Ra1 77. Rb5 Rg1+ 78. Kf3 Rf1+ 79. Kg3 Rg1+ 80. Kf2 Ra1 81. Kf3 Ra3+ 82. Kg4 Kg7 83. Rb6 Ra5 84. f5 Ra1 85. Rg6+ Kf7 86. Rb6 Rg1+ 87. Kf4 Rf1+ 88. Ke5 Re1+ 89. Kf4 Rf1+ 90. Kg5 Rg1+ 91. Kh6 Rh1+ 92. Kg5 Rg1+ 93. Kh4 Rh1+ 94. Kg4 Rg1+ 95. Kh3 Rh1+ 96. Kg3 Rg1+ 97. Kf2 Ra1 98. Kf3 Rf1+ 99. Ke4 Re1+ 100. Kd3 Rd1+ 101. Ke2 Ra1 102. Rc6 Ra5 103. f6 Rf5 104. Ke3 Rxf6 105. Rxf6+ Kxf6 1/2-1/2

[Event "EU-chT (Women) 24th"]
[Site "Budva"]
[Date "2023.11.20"]
[Round "9.10"]
[White "Vajda, Szidonia"]
[Black "Blokhin, Sofia"]
[Result "0-1"]
[WhiteElo "2265"]
[BlackElo "1956"]
[PlyCount "66"]
[EventDate "2023.11.11"]
[EventType "team-swiss"]
[EventRounds "9"]
[EventCountry "MNE"]
[SourceTitle "CBM 217 Extra"]
[Source "ChessBase"]
[SourceDate "2024.01.31"]
[SourceVersion "1"]
[SourceVersionDate "2024.01.31"]
[SourceQuality "1"]
[WhiteTeam "Hungary (W)"]
[BlackTeam "Estonia (W)"]
[WhiteTeamCountry "HUN"]
[BlackTeamCountry "EST"]

1. d4 f5 2. Bf4 Nf6 3. e3 e6 4. Nf3 Be7 5. Bd3 0-0 6. h3 b6 7. c4 Bb7 8. Nc3 Ne4 9. Qc2 Nxc3 10. Qxc3 a5 11. 0-0-0 Na6 12. a3 c5 13. d5 exd5 14. cxd5 d6 15. g4 Bf6 16. Qc2 Bc8 17. Rhg1 b5 18. g5 Be7 19. Bxb5 Rb8 20. Bc4 Rf7 21. h4 Bf8 22. h5 Rfb7 23. b3 a4 24. Bxa6 Rxb3 25. Bxc8 Qxc8 26. Rd3 Qa6 27. Rxb3 axb3 28. Qb2 Qc4+ 29. Kb1 Qe4+ 30. Ka1 Qxf3 31. h6 c4 32. Rf1 c3 33. Qxc3 Qe2 0-1

[Event "EU-chT (Women) 24th"]
[Site "Budva"]
[Date "2023.11.18"]
[Round "7.4"]
[White "Makropoulou, Marina"]
[Black "Vajda, Szidonia"]
[Result "1/2-1/2"]
[WhiteElo "2124"]
[BlackElo "2265"]
[PlyCount "61"]
[EventDate "2023.11.11"]
[EventType "team-swiss"]
[EventRounds "9"]
[EventCountry "MNE"]
[SourceTitle "CBM 217 Extra"]
[Source "ChessBase"]
[SourceDate "2024.01.31"]
[SourceVersion "1"]
[SourceVersionDate "2024.01.31"]
[SourceQuality "1"]
[WhiteTeam "Greece (W)"]
[BlackTeam "Hungary (W)"]
[WhiteTeamCountry "GRE"]
[BlackTeamCountry "HUN"]

1. e4 e5 2. Nf3 Nc6 3. Nc3 Nf6 4. Bb5 Nd4 5. Nxd4 exd4 6. e5 dxc3 7. exf6 Qxf6 8. dxc3 Qe5+ 9. Be2 Bc5 10. 0-0 0-0 11. Bd3 d5 12. Re1 Qf6 13. Be3 Bxe3 14. Rxe3 g6 15. Qd2 Be6 16. Rae1 Rfe8 17. Re5 c6 18. g3 a6 19. h4 Bd7 20. Rxe8+ Rxe8 21. Rxe8+ Bxe8 22. Qe3 Qe6 23. Qa7 Qc8 24. c4 dxc4 25. Bxc4 Qd7 26. Bd3 h5 27. Qb8 Qe7 28. Kf1 Kg7 29. Qf4 Bd7 30. Qd4+ Kh7 31. Qe4 1/2-1/2

[Event "EU-chT (Women) 24th"]
[Site "Budva"]
[Date "2023.11.15"]
[Round "5.4"]
[White "Javakhishvili, Lela"]
[Black "Vajda, Szidonia"]
[Result "1-0"]
[WhiteElo "2440"]
[BlackElo "2265"]
[PlyCount "101"]
[EventDate "2023.11.11"]
[EventType "team-swiss"]
[EventRounds "9"]
[EventCountry "MNE"]
[SourceTitle "CBM 217 Extra"]
[Source "ChessBase"]
[SourceDate "2024.01.31"]
[SourceVersion "1"]
[SourceVersionDate "2024.01.31"]
[SourceQuality "1"]
[WhiteTeam "Georgia (W)"]
[BlackTeam "Hungary (W)"]
[WhiteTeamCountry "GEO"]
[BlackTeamCountry "HUN"]

1. Nf3 d5 2. c4 e6 3. g3 Nf6 4. Bg2 dxc4 5. Qa4+ c6 6. Qxc4 Be7 7. 0-0 0-0 8. d4 b5 9. Qb3 Bb7 10. a4 a6 11. Rd1 Nbd7 12. Ne5 Qc8 13. Bg5 Nxe5 14. dxe5 Nd5 15. Bxe7 Nxe7 16. Nc3 Qc7 17. Ne4 c5 18. Qc2 Ng6 19. f4 Bxe4 20. Bxe4 Rad8 21. h4 Rfe8 22. axb5 axb5 23. Ra6 Rxd1+ 24. Qxd1 c4 25. Qd6 Qxd6 26. exd6 Rd8 27. Bxg6 hxg6 28. e4 b4 29. Rc6 c3 30. bxc3 bxc3 31. e5 Kf8 32. Rxc3 Ke8 33. Kf2 Ra8 34. Ke3 Kd7 35. Rc7+ Ke8 36. Re7+ Kf8 37. Rb7 Ke8 38. Kd4 Ra3 39. Rb8+ Kd7 40. Rf8 Rxg3 41. Rxf7+ Kd8 42. Rxg7 Rg4 43. Ke4 Rxh4 44. Rxg6 Kd7 45. Rg7+ Kd8 46. Re7 Rh6 47. Kd4 Rh4 48. Rxe6 Rxf4+ 49. Kd5 Rf1 50. Rf6 Rg1 51. Rf8+ 1-0

[Event "EU-ch (Women) 23rd"]
[Site "Petrovac"]
[Date "2023.03.28"]
[Round "10"]
[White "Vajda, Szidonia"]
[Black "Zherebtsova, Alexandra"]
[Result "1/2-1/2"]
[WhiteElo "2294"]
[BlackElo "2155"]
[PlyCount "82"]
[EventDate "2023.03.18"]
[EventType "swiss"]
[EventRounds "11"]
[EventCountry "MNE"]
[SourceTitle "CBM 213 Extra"]
[Source "ChessBase"]
[SourceDate "2023.05.31"]
[SourceVersion "1"]
[SourceVersionDate "2023.05.31"]
[SourceQuality "1"]

1. Nf3 Nf6 2. g3 b5 3. Bg2 Bb7 4. 0-0 e6 5. d3 Be7 6. e4 d6 7. Nbd2 c5 8. a4 a6 9. axb5 axb5 10. Rxa8 Bxa8 11. Qe2 Qb6 12. e5 dxe5 13. Nxe5 Bxg2 14. Kxg2 Nc6 15. Nxc6 Qxc6+ 16. Kg1 0-0 17. Nb3 Rd8 18. Bd2 c4 19. Na5 cxd3 20. cxd3 Qc2 21. Rc1 Qxb2 22. Nc6 Re8 23. Nxe7+ Rxe7 24. Qe1 Qd4 25. Bc3 Qd5 26. Bxf6 gxf6 27. h4 Re8 28. Qe3 Rd8 29. Rc5 Qxd3 30. Qxd3 Rxd3 31. Rxb5 f5 32. Kg2 Kg7 33. Rb8 Rd5 34. f4 Rd3 35. Re8 Rd6 36. Kh3 Rd2 37. Ra8 Re2 38. Rb8 f6 39. Rb7+ Kg6 40. Rb6 h6 41. Ra6 h5 1/2-1/2

[Event "EU-ch (Women) 23rd"]
[Site "Petrovac"]
[Date "2023.03.23"]
[Round "6"]
[White "Vajda, Szidonia"]
[Black "Zaksaite, Salomeja"]
[Result "1/2-1/2"]
[WhiteElo "2294"]
[BlackElo "2187"]
[PlyCount "128"]
[EventDate "2023.03.18"]
[EventType "swiss"]
[EventRounds "11"]
[EventCountry "MNE"]
[SourceTitle "CBM 213 Extra"]
[Source "ChessBase"]
[SourceDate "2023.05.31"]
[SourceVersion "1"]
[SourceVersionDate "2023.05.31"]
[SourceQuality "1"]

1. d4 Nf6 2. Nf3 g6 3. g3 d5 4. Bg2 Bg7 5. 0-0 0-0 6. c4 dxc4 7. Na3 Nc6 8. Nxc4 Be6 9. b3 Bd5 10. Bb2 a5 11. Ne3 Be4 12. a3 Qc8 13. Nc4 Rd8 14. Rc1 h6 15. e3 Qe6 16. Qe2 g5 17. Rfd1 g4 18. Nh4 h5 19. Nd2 Bxg2 20. Nxg2 Bh6 21. Qb5 Rab8 22. Rc5 Rd5 23. Rdc1 Qd7 24. Rxd5 Qxd5 25. Rc5 Qd8 26. Qd3 Qd7 27. Ne4 Nd5 28. Nc3 e6 29. Nxd5 exd5 30. Nh4 b6 31. Rc2 Ne7 32. a4 Bg5 33. Ng2 b5 34. axb5 Qxb5 35. Qxb5 Rxb5 36. Bc3 Rxb3 37. Bxa5 c6 38. Ne1 Rb1 39. Kg2 h4 40. gxh4 Bxh4 41. Nd3 f5 42. Bb4 f4 43. exf4 Nf5 44. Rxc6 Rd1 45. Ne5 Rxd4 46. Bc5 Rxf4 47. Rg6+ Kh7 48. Rxg4 Rxg4+ 49. Nxg4 Kg6 50. Ne3 Nxe3+ 51. fxe3 Kf5 52. Kf3 Bd8 53. Bd6 Bf6 54. Bg3 Bd8 55. Be1 Be7 56. h4 Bd8 57. Bf2 Be7 58. Kg3 Bd8 59. Kh3 Ba5 60. Kg3 Bc7+ 61. Kf3 Bd8 62. Ke2 Ke4 63. Bg3 Bxh4 64. Bxh4 d4 1/2-1/2

[Event "EU-ch (Women) 23rd"]
[Site "Petrovac"]
[Date "2023.03.19"]
[Round "2"]
[White "Vajda, Szidonia"]
[Black "Bulmaga, Irina"]
[Result "0-1"]
[WhiteElo "2294"]
[BlackElo "2438"]
[PlyCount "46"]
[EventDate "2023.03.18"]
[EventType "swiss"]
[EventRounds "11"]
[EventCountry "MNE"]
[SourceTitle "CBM 215 Extra"]
[Source "ChessBase"]
[SourceDate "2023.09.30"]
[SourceVersion "1"]
[SourceVersionDate "2023.09.30"]
[SourceQuality "1"]

1. d4 Nf6 2. c4 e6 3. g3 d5 4. Bg2 dxc4 5. Nf3 a6 6. a4 c5 7. Na3 cxd4 8. Nxc4 Nc6 9. 0-0 Bc5 10. Nfe5 Nxe5 11. Nxe5 0-0 12. Qc2 Bd6 13. Nc4 Bc7 14. Rd1 e5 15. e3 Bg4 16. f3 Be6 17. exd4 exd4 18. Be3 b5 19. Rxd4 Nd5 20. Rxd5 Bxd5 21. axb5 axb5 22. Rxa8 Bxa8 23. Na3 Bb6 0-1